Missing Word: #1 Hits of 2017 Quiz Stats

 Plays Quiz Updated Sep 4, 2018

Score 0/7 Timer 01:00
1 Play Today
#1 Song Missing Word % Correct
____ What You Made Me DoLook
94.4%
That's What I ____Like
75.5%
I'm the ____One
75.5%
____ of YouShape
74.9%
Bodak ____ Yellow
63.4%
____ BeatlesBlack
63.4%
Bad and ____Boujee
51.1%

Today's Daily Dose

Missing Word
Sherlocks

Word Ladder
King of the Hill

Quick Pick
Songs in Pink

Get the Picture
NBA Teammates

You're not logged in!

Compare scores with friends on all Sporcle quizzes.
OR
Log In

Sporcle TV

Today on Sporcle TV


Watch our educational content, quiz creation guides, and fun videos on Sporcle TV.

Show Comments

Extras

Top Quizzes Today


Score Distribution

Your Account Isn't Verified!

In order to create a playlist on Sporcle, you need to verify the email address you used during registration. Go to your Sporcle Settings to finish the process.

Report this User

Report this user for behavior that violates our Community Guidelines.

Details: